Escucha nuestra oración: la oración es tratar de amistad

Сохранить в:
Библиографические подробности
Главный автор: Borello G., Mario (Автор)
Формат:
Язык:испанский
Опубликовано: Santiago Don Bosco 2014
Редактирование:1a. ed
Серии:Colección Vivir la Fe, 4
Предметы:
Метки: Добавить метку
Нет меток, Требуется 1-ая метка записи!

MARC

LEADER 00000cam a2200000 a 4500
001 UCC6322
003 CL-VaPUC
008 181130e20140000cl |||||||||||||||||spa|d
020 |a 9789561808812 
082 0 4 |a 248.32  |b BOR  |2 21 
100 |a Borello G., Mario  |e author  |9 434046 
245 1 0 |a Escucha nuestra oración: la oración es tratar de amistad 
250 |a 1a. ed 
300 |a 152 p 
942 |c BK 
945 |d 20181130 13:53:00  |a dcastane 
260 |a Santiago  |b Don Bosco  |c 2014 
650 0 |a Oración  |9 313348 
583 |a last modification  |c 20181130 13:53:00  |k Rodrigo Vera 
490 0 |a Colección Vivir la Fe, 4 
999 |c 373271  |d 373269 
952 |0 0  |1 0  |3 erb  |4 0  |6 248_320000000000000_BOR_2014  |7 0  |8 A  |9 491340  |a BIBTEO  |b BIBTEO  |e Precht Pizarro, Jorge Enrique  |i 5519586  |o 248.32 BOR 2014  |p 5519586  |r 2025-01-17  |w 2019-11-24  |y BK  |z Catalogado en:20181130  |k ICR